Η νομική προστασία των υγροβιοτόπων στην Ελλάδα
Αποθηκεύτηκε σε:
| Κύριος συγγραφέας: | |
|---|---|
| Μορφή: | Βιβλίο |
| Γλώσσα: | Greek |
| Δημοσίευση: |
Αθήνα; Κομοτηνή :
Σακκούλας,
1995
|
| Θέματα: | |
| Ετικέτες: |
Προσθήκη ετικέτας
Δεν υπάρχουν, Καταχωρήστε ετικέτα πρώτοι!
|
MARC
| LEADER | 00000cam a2200000 i 4500 | ||
|---|---|---|---|
| 001 | 1/8953 | ||
| 008 | 970214s1995 gre d | ||
| 020 | |a 960-232-248-9 | ||
| 035 | |l 10017292 | ||
| 040 | |a GR-MY-UA |b gre |e aacr | ||
| 041 | 0 | |a gre | |
| 082 | 0 | |a 344.046 | |
| 100 | 1 | |a Λαζαρέτου, Θεοδώρα. | |
| 245 | 1 | 2 | |a Η νομική προστασία των υγροβιοτόπων στην Ελλάδα / |c Θ. Λαζαρέτου |
| 260 | |a Αθήνα; Κομοτηνή : |b Σακκούλας, |c 1995 | ||
| 300 | |a 150 σ.; |c 21 cm | ||
| 504 | |a Περιέχει βιβλιογραφία | ||
| 650 | 0 | 0 | |a Wetlands |x Law and legislation |z Greece. |
| 852 | |a INST |b CHIOS |e 20000223 |h 344.046 ΛΑΖ |p 005200018530 |q 005200018530 |t BK |y 0 | ||
| 852 | |a INST |b LESVOS |e 19970214 |h 344.046 ΛΑΖ |p 005100012015 |q 005100012015 |t BK |y 0 | ||
| 901 | |a BIBL2-2000-1 | ||
| 909 | |a Λ |b 049082 | ||
| 909 | |a Χ |b 074564 | ||